Quizzes
Events
Quiz Creation
Community
Videos
Private Events
Remove Ads
Sign In
Join for FREE
Feedback
Dark Mode
Quiz Categories
Sports
Geography
Music
Movies
Television
Just For Fun
Miscellaneous
History
Literature
Language
Science
Gaming
Entertainment
Religion
Holiday
For Kids
Quiz Lab
Recent
Popular Today
Quiz Kudos Today
Editor Picks
Curator Picks
Quizzes by...
Day
Popularity
Type
Ratings
Length
Year
Community
Subscriptions
Recent Discussions
Orange Saloon
Badges
Playlists
Quests
Create
Leaderboards
Showdown
Live 5
Trivia Bingo
Activity
Puzzle Library
Sporcle Events
Private Events
Virtual Trivia
Globe League
Become a Host
Pub Owners
SporcleCon
Opinionation
Our Games
Videos
Blog
Mobile Apps
Partnerships
Remove Ads and Go Orange
Feedback
Language
Vocabulary
Begins and Ends
Definition
Spanish
French
German
Italian
Chinese
Latin
Translation
Japanese
Language
Vocabulary
Begins and Ends
Definition
Spanish
French
German
Italian
Chinese
Latin
Translation
Japanese
Random Quiz
Search Sporcle
×
Quiz Lab
Quiz Lab
Language
Other Languages
Type in answers that appear in a list
Type in answers that appear in a list
Classic
Best Score? Go Orange.
That's Just Nonsense Stats
Can you tell whether the following sentences are from a real language (R) or whether they are nonsense (N)?
By
rhymeswithtree
8m
20 Questions
86 Plays
86 Plays
86 Plays
Comments
Comments
Give Quiz Kudos
Give Quiz Kudos
-
- Ratings
hide this ad
More Info
Forced Order
Answers have to be entered in order
Answers have to be entered in order
Wrong Answers
Some wrong answers will appear in red
Some wrong answers will appear in red
Replay
Link that replays current quiz
Next Quiz
Link to next quiz in quiz playlist
You Got
0%
They Got
Avg Score
72%
Avg Friend Score
Upgrade to see
Score Distribution
Jump to the score distribution portion of the page
Score
0/20
Timer
08:00
0
Plays Today
Sentence
Real (R) or Nonsense (N)?
% Correct
I would like to go to the store.
???
96.5%
Jeg ønsker å gå til butikken.
???
86%
Haluan mennä kauppaan.
???
86%
Je voudrais aller au magasin.
???
83.7%
Eu gostaria de ir para a loja.
???
82.6%
Vorrei andare al negozio.
???
82.6%
Ich möchte in den Laden gehen.
???
82.6%
Ben mağazaya gitmek istiyorum.
???
82.6%
Szeretnék menni a boltba.
???
81.4%
Me gustaría ir a la tienda.
???
79.6%
Sentence
Real (R) or Nonsense (N)?
% Correct
Tôi muốn đi đến các cửa hàng.
???
77.9%
Ik zou graag naar de winkel.
???
76.7%
Y wprd mlia ytah ftor.
???
74.4%
Hoffwn fynd i'r siop.
???
74.4%
Cxa lrak gabhl kaef.
???
66.7%
Hghat mrya pthm rhaao.
???
65.1%
Vaa ynda esturei na tagah.
???
60.5%
Eno mrasta va mgaba t'i.
???
59.3%
Te ho any amin'ny mpivarotra.
???
57%
Soli vantan all'tiendor.
???
50%
Quiz Playlist
Details
Report
Send in Message
Add To Playlist
More Info:
Type whether each sentence is from a real language (R) or whether it is nonsense (N).
Classic:
Type in answers that appear in a list
Forced Order:
Answers have to be entered in order
Wrong Answers:
Some wrong answers will appear in red
Quiz Source
Last Updated: Feb 16, 2017
Quiz Scoreboard
CHALLENGE
Sign Up to Join the Scoreboard
Show All
Scores
Hide
Comments
May contain spoilers
Recently Published
Billboard Blitz: Fleetwood Mac
by CooCooCachoo
Music
15s
Presidents Visiting Landmarks
by Hejman
History
7m
An Introduction to Baseball
by treessimontrees
Sports
5m
More to Explore
Quiz From the Vault
Featured Blog Post
Where Did the Easter Bunny Come From?
hide this ad
You Might Also Like...
Tags
Different Languages
nonsense
Other Languages
Spoken Languages
Today's Top Quizzes in Language
Browse Language
hide this ad
Today's Top Quizzes in Other Languages
Browse Other Languages
Top Contributed Quizzes in Language
1
1-10 Letter F Words III
2
1-10 Letter G Words III
3
Order Up: Top 10 Most Native Spoken Languages
4
1-10 Letter H Words III
5
Alphabetize! : 'As' words
6
One Thing in Common: Italy
7
1-10 Letter I Words III
8
Weisst du, aus welchen Sprachen diese Wörter stammen?
9
1-10 Letter J Words III
10
Celtic Nations in their Language
Explore More
Trending Topics
Marvel
Anime
Kpop
Crossword
Disney
Harry Potter
NBA
Pokémon
Country
WWE
Song
The Office
Puzzle
Soccer
NFL
hide this ad
More By:
rhymeswithtree
Quiz
Plays
Rating
Category
Featured
Created
Thirteen Ghost Stories
2,193
4.74
Holiday
Oct 7, 2014
Rhymes With Boom
1,333
4.64
Language
Aug 17, 2014
Quick Pick: Celebrities Over 6'2''
974
5.00
Just For Fun
Mar 3, 2020
Tropical Fruit Crossword
734
4.63
Miscellaneous
Aug 8, 2019
Global Ghost Stories
472
4.29
Religion
Oct 4, 2014
Go to Creator's Profile
Score Distribution
Quiz Creator Spotlight
rhymeswithtree
Follow
Send a Message
Quizzes Created
-
Created Quiz Play Count
-
More By This Creator
Popular Quizzes Today
1
Find the US States - No Outlines Minefield
2
Find the Countries of Europe - No Outlines Minefield
3
The Countries of the World
4
Find the US States
5
US States
6
Risky Map Clicking: Biggest States A-Z
7
Popular People in 1961
8
Movies - When Are They Set?
More Language Quizzes
20 'OU' Things 2
Editor's Pick
Trending Quizzes
Risky Map Clicking: Least Populous States A-Z
1-10 Letter G Words
1-10 Letter F Words
Risky Map Clicking: Next State Alphabetically
Risky Map Clicking: Biggest States A-Z
Recently Updated
Leaping Animals
pecheneg
Reality TV Shows (A-Z)
bhenderson79
Rickey Henderson's Hall of Fame Teammates
pecheneg
Champions League XIs: Arsenal
pecheneg
Quick Pick: Celebrities in WWE's Hall of Fame
aduchscher
A-Z Keypad Blitz II
pecheneg
Multiple Oscar Actors
pecheneg
Mystery Phrase Blitz: Oscar 'Best Actors'
pecheneg
F. Scott Fitzgerald Novels
LTH
Pick 3 Villains
ddd62291
Trending Topics
Disney
NBA
Marvel
Anime
Crossword
Kpop
Harry Potter
The Office
WWE
NFL
Soccer
Song
Pokémon
Puzzle
Country
Your Account Isn't Verified!
In order to create a playlist on Sporcle, you need to verify the email address you used during registration. Go to your
Sporcle Settings
to finish the process.
Report this User
Report this user for behavior that violates our
Community Guidelines
.
Details:
Send Report
Go to the Sporcle.com Mobile Site →
Comments